Matrix computations

Αποθηκεύτηκε σε:
Λεπτομέρειες βιβλιογραφικής εγγραφής
Κύριος συγγραφέας: Golub, Gene Howard 1932-
Άλλοι συγγραφείς: Van Loan, Charles F.
Μορφή: Βιβλίο
Γλώσσα:English
Δημοσίευση: Baltimore : Johns Hopkins University Press, 1996
Έκδοση:3rd ed.
Σειρά:Johns Hopkins studies in the mathematical sciences
Θέματα:
Ετικέτες: Προσθήκη ετικέτας
Δεν υπάρχουν, Καταχωρήστε ετικέτα πρώτοι!

MARC

LEADER 00000nam a2200000 i 4500
001 1/45559
008 031127s1996 eng d
020 |a 0-8018-5414-8 
035 |l 10071744 
040 |a GR-MY-UA  |b gre  |e aacr 
041 0 |a eng 
082 0 |a 512.9434 
100 1 |a Golub, Gene Howard  |d 1932- 
245 1 0 |a Matrix computations /  |c Gene H. Golub, Charles F. Van Loan 
250 |a 3rd ed. 
260 |a Baltimore :   |b Johns Hopkins University Press,   |c 1996 
300 |a xxvii, 694 p.;  |c 24 cm. 
490 1 |a Johns Hopkins studies in the mathematical sciences 
504 |a Includes bibliographical references and index 
650 0 0 |a Matrices  |x Data processing. 
700 1 |a Van Loan, Charles F. 
830 0 |a Johns Hopkins studies in the mathematical sciences 
852 |a INST  |b SAMOS  |e 20031127  |h 512.9434 GOL  |p 005300023612  |q 005300023612  |t BK  |y 0 
901 |a BIBL3-2003-3 
909 |a Σ  |b 099374 
922 |a 3ΕΛΗ  |b 200309  |c ΜΕΤΑΠΤ/ΤΜΗΜΑ ΜΑΘΗΜΑΤΙΚΩΝ  |d GLORYBOOK 
970 |a ΜΑΛΑΓΑΡΗ  |b ΦΩΤΕΙΝΗ  |z 2003/11/27